| 000 | 00415nam a2200181Ia 4500 | ||
|---|---|---|---|
| 001 | 15682 | ||
| 005 | 20260306170214.0 | ||
| 008 | 260306t2001||||xx |||||||||||||| ||und|| | ||
| 041 | _aESP | ||
| 082 |
_a574.5 _bD16 |
||
| 100 |
_aDajoz, Roger _eAUT |
||
| 245 | 0 | _aTratado de ecología | |
| 260 | _c2001 | ||
| 300 |
_avii, 600 páginas : _c27 cm. |
||
| 650 | _aGEN | ||
| 654 | _aCIA | ||
| 942 |
_cLIB _dJUS _fJUS _2ddc _n |
||
| 999 |
_c15682 _d15682 |
||